| 000 | 00444nam a2200181Ia 4500 | ||
|---|---|---|---|
| 001 | 22889 | ||
| 005 | 20260414150900.0 | ||
| 008 | 260414t2013||||xx |||||||||||||| ||spa|| | ||
| 041 | _aESP | ||
| 082 |
_a624.17 _bC34 |
||
| 100 |
_aCastillo Juárez, Heberto _eAUT |
||
| 245 | 0 |
_aEstructura tridilosa para grandes claros _b |
|
| 260 | _c2013 | ||
| 300 |
_a128 páginas : _c24 cm. |
||
| 650 | _a0 | ||
| 654 | _aCIC | ||
| 942 |
_cLIB _dJUS _fJUS _2ddc _n |
||
| 999 |
_c22889 _d22889 |
||